| 000 | 00452nam a2200181Ia 4500 | ||
|---|---|---|---|
| 008 | 170918s9999 xx 000 0 und d | ||
| 020 | _a9780439441421 | ||
| 050 | _bF596 1986 | ||
| 100 | _aFleischman, Sid | ||
| 245 | 4 | _aThe whipping boy / | |
| 245 | _cby Sid Fleischman ; illustrated by Peter Sis. | ||
| 260 | _aNew York : | ||
| 260 | _bScholastic, | ||
| 260 | _c1986 | ||
| 300 | _a90 pages : | ||
| 300 | _billustrations : | ||
| 300 | _c19cm. | ||
| 999 |
_c344144 _d344144 |
||